[Event "Sao Paulo Hebraica op 31st"]
[Site "Sao Paulo"]
[Date "2023.07.01"]
[Round "3"]
[White "Tobal, Vitor Jose Evangeli"]
[Black "De Camargo, Assi Vinicius"]
[Result "1/2-1/2"]
[WhiteElo "1456"]
[BlackElo "1800"]
[PlyCount "26"]
[EventDate "2023.06.30"]
[EventType "swiss"]
[EventRounds "6"]
[EventCountry "BRA"]
[SourceTitle "CBM 215 Extra"]
[Source "ChessBase"]
[SourceDate "2023.09.30"]
[SourceVersion "1"]
[SourceVersionDate "2023.09.30"]
[SourceQuality "1"]

1. f3 d6 2. Kf2 Kd7 3. Ke3 Kc6 4. Kf4 Kc5 5. Ke4 Kc4 6. h4 Kc5 7. Ke3 Kc6 8. Kf2 Kd7 9. Ke1 Ke8 10. Kf2 Kd7 11. Ke1 Ke8 12. Kf2 Kd7 13. Ke1 Ke8 1/2-1/2